000 00628nam a2200241Ia 4500
003 OSt
005 20221005133055.0
006 a|||||r|||| 00| 0
007 ta
008 221004b |||||||| |||| 00| 0 mal d
024 _a62418
037 _cTextual
040 _aCRL
_cCRL
_bmal
041 _2mal
_amal
082 _aO32,6M86x, G6
100 _aPillai Anandan Au.
_9642033
245 0 _aVidhya prakasika
260 _c1936
650 _a MALAYALAM PROSE
_9187524
650 _aMALAYALAM LITERATURE
_938866
942 _hO32,6M86x, G6
_cTEXL
_2cc
999 _c1065654
_d1065654